| 000 | 00564nam a22001932 4500 | ||
|---|---|---|---|
| 001 | 0000004176 | ||
| 005 | 20151217154345.0 | ||
| 008 | 070521s xx 000 0 eng d | ||
| 040 |
_aKABU _cKABU |
||
| 050 | 0 |
_aQA303 _b.S74 Suppl. |
|
| 100 | 1 |
_aSteward, James. _@0000154598 |
|
| 245 | 1 | 0 |
_aCalculus : _bconcepts and contexts, single variable. |
| 260 |
_aBoston : _bBrooks/Cole, _c1998. |
||
| 300 | _axx, 643, [118] p. | ||
| 650 | 0 |
_aCalculus. _@0000144959 |
|
| 908 | _a070521 | ||
| 950 | _@1 | ||
| 999 |
_c10734 _d10734 |
||